| 000 | 00858cam a22002773a 4500 | ||
|---|---|---|---|
| 001 | 13539 | ||
| 003 | PGUSA | ||
| 005 | 20140828083306.0 | ||
| 008 | 040927s2004||||xxu|||||s|||||000 | eng d | ||
| 040 |
_aPGUSA _beng |
||
| 042 | _adc | ||
| 050 | 4 | _aBR | |
| 100 | 1 |
_aScudder, John, _d1798-1855 |
|
| 245 | 1 | 0 |
_aDr. Scudder's Tales for Little Readers, About the Heathen. _h[electronic resource] / _cJohn Scudder |
| 260 |
_bProject Gutenberg, _c2004 |
||
| 506 | _aPublic domain in the USA. | ||
| 516 | _aElectronic text | ||
| 653 | _aChristianity and other religions -- Hinduism | ||
| 653 | _aIndia -- Religious life and customs | ||
| 653 | _aMissions | ||
| 653 | _aHinduism -- Relations -- Christianity | ||
| 653 | _aSunday school literature | ||
| 830 | 0 |
_aProject Gutenberg _v13539 |
|
| 856 | 4 | 0 | _uhttp://www.gutenberg.org/ebooks/13539 |
| 942 | _cEB | ||
| 999 |
_c242794 _d242794 |
||